A közösségi média hatása a tőzsdei kisbefektetőkre
| Main Author: | |
|---|---|
| Other Authors: | |
| Format: | Project work |
| Kulcsszavak: | befektetés GameStop kisbefektetők közösségi média tőzsde |
| Online Access: | http://dolgozattar.uni-bge.hu/60273 |
MARC
| LEADER | 00000nnm a2200000 i 4500 | ||
|---|---|---|---|
| 001 | dolg60273 | ||
| 005 | 20260409150230.0 | ||
| 008 | 260409suuuu hu o 000 hun d | ||
| 040 | |a BGE Dolgozattár Repozitórium |b hun | ||
| 041 | |a hu | ||
| 100 | 1 | |a Lukács Ádám Zoltán | |
| 245 | 1 | 2 | |a A közösségi média hatása a tőzsdei kisbefektetőkre |c Lukács Ádám Zoltán |h [elektronikus dokumentum] |
| 516 | |a Project_work | ||
| 520 | 3 | |a A projektmunkám során a közösségi média hatását szeretném vizsgálni, egész pontosan azt, hogy milyen hatást gyakorol a kisbefektetők tőzsdei viselkedésére, szokásaira és hogy miként képes alakítani a befektetések mögötti motivációt. Bemutatom, hogyan torzíthatják a gyors impulzusokkal és ingerekkel működő platformok a pénzügyi ítélőképességet, illetve a kockázatvállalási hajlandóságot. A 2021-es GameStop eseménysorozat okát, hatását és lefolyását egy esettanulmány keretein belül vizsgálom és az abból levont következtetéseim alapján egy kérdőíves kutatást is elvégzek. | |
| 695 | |a befektetés | ||
| 695 | |a GameStop | ||
| 695 | |a kisbefektetők | ||
| 695 | |a közösségi média | ||
| 695 | |a tőzsde | ||
| 700 | 1 | |a Kozár Dr. László |e ths | |
| 856 | 4 | 0 | |u http://dolgozattar.uni-bge.hu/60273/1/A%20k%C3%B6z%C3%B6ss%C3%A9gi%20m%C3%A9dia%20hat%C3%A1sa%20a%20t%C5%91zsdei%20kisbefektet%C5%91kre.pdf |z Dokumentum-elérés |
| 856 | 4 | 0 | |u http://dolgozattar.uni-bge.hu/60273/2/KM%20FOSZK%20b%C3%ADr%C3%A1lati%20lap%20Luk%C3%A1cs%20%C3%81d%C3%A1m_Koz%C3%A1r.pdf |z Dokumentum-elérés |